El poder

Guardat en:
Dades bibliogràfiques
Autor principal: Jouvenel, Bertrand de (Autor)
Format: Llibre
Idioma:espanyol
Publicat: Madrid Editora Nacional 1974
Edició:2a. ed
Col·lecció:Mundos abiertos
Matèries:
Etiquetes: Afegir etiqueta
Sense etiquetes, Sigues el primer a etiquetar aquest registre!

MARC

LEADER 00000nam a2200000 a 4500
001 UCS8414
003 CL-VaPUC
008 971031e19740000SP |||||||||||||||||spa|d
082 0 4 |a 320.011  |b JOU  |2 21 
100 |a Jouvenel, Bertrand de  |e author  |9 255706 
245 1 3 |a El poder 
250 |a 2a. ed 
300 |a 470 p 
942 |c BK 
945 |d 19971031 00:00:00  |a aolguin 
260 |a Madrid  |b Editora Nacional  |c 1974 
650 0 |a Poder político  |9 255509 
650 7 |a PODER  |2 CL-VaPUC  |9 393290 
650 7 |a OBEDIENCIA  |2 CL-VaPUC  |9 376616 
650 0 |a Soberanía  |9 266726 
650 7 |a TEORIA  |2 CL-VaPUC  |9 393291 
650 0 |a Poderes del estado  |9 377457 
650 7 |a TEORIA POLITICA  |2 CL-VaPUC  |9 393292 
650 7 |a FUERZAS POLITICAS  |2 CL-VaPUC  |9 255510 
650 0 |a Libertad  |9 255686 
650 0 |a Contrato social  |9 308917 
583 |a last modification  |c 19971031 00:00:00  |k Rodrigo Vera 
490 0 |a Mundos abiertos 
999 |c 262843  |d 262841 
952 |0 0  |1 0  |4 0  |6 320_011000000000000_JOU_1974  |7 0  |8 DER_TF  |9 291746  |a BIBDER  |b BIBDER  |d 2019-11-19  |i 1897969  |o 320.011 JOU 1974  |p 1897969  |r 2023-01-25  |w 2019-11-19  |x Ubicación 4to Piso  |y BK  |z Estos recursos deben solicitarse con anticipación  |k DER